| 000 | 00556nam a2200205 a 4500 | ||
|---|---|---|---|
| 001 | BRCA_3820 | ||
| 005 | 20190320204433.0 | ||
| 008 | 291109s1826----fr-a######---#000-0#fre-# | ||
| 041 | _afre | ||
| 044 | _afr | ||
| 050 | 4 |
_aF1230 _b.B42 1826 |
|
| 100 | 1 |
_aBelde, C. F., van der. _99950 |
|
| 245 | 1 | 0 |
_aDie Eroberung von Mexico _cErzahlungen von C. F. van der Belde. |
| 260 |
_aWien _bMausberger´s _c1826 |
||
| 300 |
_a3 v. _bil. _c15 cm. |
||
| 500 | _aB175 | ||
| 651 | 4 |
_aMéxico _vHistoria _yConquista, 1519-1540. _99951 |
|
| 902 | _aGFM | ||
| 942 |
_2lcc _cB |
||
| 999 |
_c3549 _d3549 |
||